British Standard: Glossary of rubber terms (Record no. 73072)

MARC details
000 -LEADER
fixed length control field 00365nam a2200133Ia 4500
245 #0 - TITLE STATEMENT
Title British Standard: Glossary of rubber terms
260 ## - PUBLICATION, DISTRIBUTION, ETC. (IMPRINT)
Place of publication London
260 ## - PUBLICATION, DISTRIBUTION, ETC. (IMPRINT)
Year of publication 1980
Name of publisher British Standards Institution
490 ## - SERIES STATEMENT
Series statement British Standards
500 ## - GENERAL NOTE
General note Standard number: BS 3558
650 ## - SUBJECT ADDED ENTRY--TOPICAL TERM
Topical Term Rubber terms
942 ## - ADDED ENTRY ELEMENTS (KOHA)
Koha item type Standards
Holdings
Withdrawn status Lost status Damaged status Not for loan Home library Current library Date acquired Koha item type
      Standards RRII Library RRII Library 31/12/2021 Standards